000 01024nam a2200313 i 4500
001 000013113
003 DO-SdBNP
005 20250217123022.0
007 ta
008 091120s2006 pr 000 f spa d
020 _a1932271732
040 _aDO-SdBNP
_bspa
_cBNPHU
_erda
041 _hspa
082 _aPR863.44
_bS235p
_222
100 1 _aSantiago Torres, Alinaluz,
_d1956-
_eautor
_930226
245 1 0 _aPapeles de discrepancia /
_cAlinaluz Santiago Torres ; corrección Consuelo Hernández.
264 _aSan Juan, Puerto Rico :
_bIsla Negra,
_c2006.
300 _a79 páginas ;
_c22 cm.
336 _ardacontent
_btexto
_2txt
337 _ardamedia
_bsin mediación
_2n
338 _ardacarrier
_bvolumen
_2nc
500 _aIncluye datos biográficos del autor en la solapa de la cubierta
590 _aInventariado, 2025/DG
650 4 _aCuentos puertorriqueños
_9249
650 4 _aLiteratura puertorriqueña
_9250
700 1 _aHernández, Consuelo,
_ecorrección
_930227
910 _aDG
942 _2ddc
_cLBS1
999 _c12755
_d12755